000 00329 a2200157 4500
001 59901
020 _a9783440115701
040 _cAnchieta - Pituba
100 _aMarx, André
240 1 0 _aFeuermond
_lpor
245 1 0 _aFeuermond
300 _a376
362 0 _a2008
650 4 _aLiteratura juvenil em alemão
942 _cBK
999 _c59901
_d59901